| 000 | nam a22 7a 4500 | ||
|---|---|---|---|
| 999 |
_c129708 _d129708 |
||
| 008 | 190815b xxu||||| |||| 00| 0 eng d | ||
| 020 | _a9781999613747 | ||
| 050 |
_aPR6068.I3 _bT3 |
||
| 100 |
_aRiddell, Roger _929220 |
||
| 245 |
_aTapestries of difference _ba novel _cRoger Riddell |
||
| 260 |
_aOxford _bPowerhouse Publishers _c2018 |
||
| 300 |
_a558p. ; _c23cm. |
||
| 942 |
_2lcc _cMONOGRAPH |
||